Представление документа в формате RUSMARC

ПолеНазваниеЗначение
  Тип записи a
  Библиографический уровень m
001 Контрольный номер RU/SLIB/B/208772373
005 Дата корректировки 20240315124447.3
010 Индекс ISBN __
a ISBN 5-482-00099-0
d Цена 180-00
101 Язык документа 0_
a Язык текста rus
c Язык оригинала rus
200 Заглавие и сведения об ответственности 1_
a Заглавие Комментарий к Жилищному кодексу Российской Федерации
e Сведения, относящиеся к заглавию (с постатейн. материалами)
f Первые сведения об ответственности Е. Ю. Бархатова
b Общее обозначение материала Текст
210 Выходные данные 1_
a Место издания М.
c Издательство ТК Велби
d Дата издания 2005
215 Физическое описание __
a Объем 367 с.
330 Аннотация __
a Аннотация Постатейный комментарий к Жилищному кодексу с учетом всех изменений по состоянию на 2005 г.
605 Заглавие как предмет __
a Заглавие Жилищный кодекс Российской Федерации: введ. в действие 1 марта 2005 г.
606 Тематические рубрики __
a Основная рубрика Право
z Хронологическая подрубрика 21 в. нач.; 2005 г.
y Географическая подрубрика Российская Федерация; РФ; Россия
606 Тематические рубрики __
a Основная рубрика Обязательственное право
610 Ключевые слова 0_
a Ключевые слова комментарии; жилищное законодательство; кодексы; жилье; собственность; приватизация; квартиры; недвижимость; жилищное право; жилищные правоотношения; жилищный фонд; жилые помещения; вещное право; право собственности; договоры; социальный наем; жилищно-строительные кооперативы; ЖСК; товарищества собственников жилья; коммунальные услуги
686 Индексы других классификаций __
a Классификационный индекс 67.404.212.47(2Рос)-32
700 Автор _1
a Фамилия Бархатова
b Имя Е. Ю.
4 Код отношения 070
801 Источник записи _0
a Страна RU
b Организация Муниципальное бюджетное учреждение культуры "Централизованная библиотечная система" г. Сургут (Центральная городская библиотека им. А. С. Пушкина)
g Правила каталогизации КиК/Котельникова
801 Источник записи _1
a Страна RU
b Организация Муниципальное бюджетное учреждение культуры "Централизованная библиотечная система" г. Сургут (Центральная городская библиотека им. А. С. Пушкина)
g Правила каталогизации КиК/Котельникова
852 Данные о местонахождении __
j Шифр хранения 67.404.212.47(2Рос)-32
c Каталожный индекс 67.404.2(2Рос)
i Авторский знак Б 26
901 Тип документа __
t Тип документа m
903 Характеристики (МАРС) __
a Дата передачи 20050617
990 Данные о заказе (DOS) __
j Количество экземпляров (DOS) 2
t N записи в КСУ для И/У (DOS) 200506